Cargando...

Insect food and ecology

Detalles Bibliográficos
Autor principal: Brues, C T
Formato: Printed Book
Lenguaje:Undetermined
English
Publicado: New York Dover 1946
Materias:
LEADER 00518nam a2200169Ia 4500
008 140306s9999 xx 000 0 und d
041 |a eng 
082 |a 595.7  |b BRU/IW 
100 |a Brues, C T 
245 |a Insect food and ecology 
260 |a New York  |b Dover  |c 1946 
300 |a 466 
365 |b Rs.155 
650 |a Entomology 
942 |2 ddc  |c BK 
999 |c 119974  |d 119974 
952 |0 0  |1 0  |2 ddc  |4 0  |6 595_700000000000000_BRUIW  |7 0  |9 119196  |a KAUHCV  |b KAUHCV  |d 2001-12-31  |g 155.00  |o 595.7 BRU/IW  |p KAU_HCV-7935  |r 2014-03-22  |w 2014-03-22  |y BK